La protección de la libertad sexual (Record no. 56393)

MARC details
000 -LEADER
campo de control de longitud fija 00561nam a2200181 i 4500
001 - NÚMERO DE CONTROL
campo de control 56393
003 - IDENTIFICADOR DE NÚMERO DE CONTROL
campo de control ES-MaACL
005 - FECHA Y HORA DE LA ÚLTIMA TRANSACCIÓN
campo de control 20230906163346.0
007 - CAMPO FIJO DE DESCRIPCIÓN FÍSICA--INFORMACIÓN GENERAL
campo de control de longitud fija t|
008 - DATOS DE LONGITUD FIJA--INFORMACIÓN GENERAL
campo de control de longitud fija 031008s1985 sp ||||1| spa d
020 ## - NÚMERO INTERNACIONAL ESTÁNDAR DEL LIBRO
Número Internacional Estándar del Libro 84-7162-979-8
100 1# - ENTRADA PRINCIPAL--NOMBRE DE PERSONA
Nombre de persona Díez Ripollés, José Luis.
9 (RLIN) 44764
245 13 - MENCIÓN DEL TÍTULO
Título La protección de la libertad sexual
Resto del título : insuficiencias actuales y propuestas de reforma /
Mención de responsabilidad, etc. José Luis Díez Ripollés.
250 ## - MENCION DE EDICION
Mención de edición [1ª ed.].
260 ## - PUBLICACIÓN, DISTRIBUCIÓN, ETC.
Lugar de publicación, distribución, etc. Barcelona :
Nombre del editor, distribuidor, etc. Bosch,
Fecha de publicación, distribución, etc. 1985.
300 ## - DESCRIPCIÓN FÍSICA
Extensión 225 p. ;
Dimensiones 22 cm.
852 ## - LOCALIZACIÓN
Ubicación ES-MaACL
Número de control de estantería L-10511
Sublocalización o colección R.111580
Holdings
Estatus retirado Estado de pérdida Estado de daño No para préstamo Biblioteca de origen Biblioteca actual Ubicación en estantería Fecha de adquisición Fuente de adquisición Total de préstamos Signatura topográfica completa Código de barras Visto por última vez Precio de reemplazo Tipo de ítem Koha
        Biblioteca del Ateneo de Madrid Biblioteca del Ateneo de Madrid Depósito 2 17/01/2008     L-10511 1059231 23/02/2023 23/02/2023 Libro impreso